Регионална библиотека "Любен Каравелов" - Русе

Невидимият свят (Запис номер 2403)

MARC детайли
000 -Лидер
Контролно поле с фиксирана дължина nam a22 a 4500
003 - Код на организацията, давaща контролен номер
Контролно поле BLK
005 - Дата и час на последна редакция
Контролно поле 20210209104748.0
008 - Елементи от данни с фиксирана дължина
fixed length control field 180412b bul|||||r ||||||| ||bul||
010 ## - Наследен системен номер
LC control number KNG00003391000
020 ## - Международен стандартен номер на книга ISBN
Международен стандартен номер на книга ISBN 954-584-086-2
020 ## - Международен стандартен номер на книга ISBN
Международен стандартен номер на книга ISBN 954-584-087-0
040 ## - Източник на каталожния запис
Идентификатор на билиотеката - собственик на записа BLK
041 ## - Код за език
Код за езика на текст/звукозапис или на отделно заглавие Български
Код за езика КДБФ Български
080 ## - УДК
Текстов определител УДК Физиология
УДК код - определител по УДК 612
УДК определител :087.5(031)
УДК - код + определител 612:087.5(031)
139 ## - Редно поле
Редна дума Невидимият свят
Авторски знак Нев - Н 39
245 10 - Сведения за заглавието
Заглавие Невидимият свят
Подзаглавни данни Енциклопедия за деца : Т. 1 -
Редно поле (дума) авт. на том Мерсе Парамон.
Том Т. 1
Заглавие на том Чудото на живота
257 ## - Страна на издаване
Страна на създаване/издаване Испания
260 ## - Област на издателските данни
Година на издаване 1994
Печатница В. Търново : Абагар
9 (RLIN) 210247
Място на издаване, разпространение и проч. София
Име на издателя, разпространителя и проч. Абагар Холдинг
Информация за издателството Старо име - Абагар Паблишинг, ново име - Мария Арабаджиева
Издателство - префикс ISBN 954-8004- ; 954-584-
300 ## - Физическа характеристика
Размери/Мащаб 28 см
380 ## - Жанр
Жанр Медицина
500 ## - Общи забележки
Забележка Ориг. загл. Mundo invisible
650 #4 - Допълнително описание по предмет – тема
Основно описание – тема или топоним Физиология - на човека - енциклопедии и справочници
9 (RLIN) 245768
650 #4 - Допълнително описание по предмет – тема
Основно описание – тема или топоним Енциклопедии, детски
9 (RLIN) 154962
653 ## - Ключова дума – ненормативна
Ключова дума физиология
653 ## - Ключова дума – ненормативна
Ключова дума човек
653 ## - Ключова дума – ненормативна
Ключова дума енциклопедии
700 1# - Други автори (авторска отговорност)
Лично име Парамон, Мерсе
Автороска отговорност (Описва отношението между автора и произведението) авт. на том
9 (RLIN) 106688
760 1# - Описание на основната серия
Място на издаване, издател и година Абагар Холдинг, 1994
Страници - том 32 с. : с цв. ил.
Забележка - том Ориг. загл. La marvilla de la vida / Merce Parramon
Заглавие Т. 1 Чудото на живота
852 ## - Местоположение
Форматна сигнатура Цб ІІ 15229
Фондова буква Хранилище
856 4# - Електронен адрес и достъп
Електронен формат pdf - файл
Път до файла /url/
856 4# - Електронен адрес и достъп
Електронен формат pdf - файл
Път до файла /url/
999 ## - СИСТЕМНИ КОНТРОЛНИ НОМЕРА
Koha biblionumber 2403
Koha biblioitemnumber 2403
942 ## - АРТИКУЛИ
Вид на библиотечния материал Книги
Скрит в OPAC Не
Koha issues (borrowed), all copies 1
Периодичен библиозапис Да
944 ## - СЪЗДАВАНЕ И РЕДАКЦИЯ на ЗАПИСА
Създаване/Редакция Създаване
Дата на регистрацията/редакция 15.01.2003
Служител, извършил регистрацията/редакцията Геновева_Генчева
944 ## - СЪЗДАВАНЕ И РЕДАКЦИЯ на ЗАПИСА
Създаване/Редакция Редакция
Дата на регистрацията/редакция 16.05.2008
999 ## - СИСТЕМНИ КОНТРОЛНИ НОМЕРА
Koha biblioitemnumber 2403
Наличности
Код за отписване Код за изгубен артикул Източник на класификационната схема Код за повреда Коз за рестрикции Код за отдаване Артикулен № Име на библиотеката - собственик Име на библиотеката, в която се намира в момента Статус (Текущо местоположение) Дата на вписване в системата Местоположение - отдел Цена в лева Инвентарен номер Систематично азбучна сигнатура Баркод Номер на екземпляра Цена в евро Служебна бележка Служебен тип на артикула
Изтеглен Не е изгубен Universal Decimal Classification Не е повреден без рестрикции заемане за дома 4470 Регионална библиотека "Любен Каравелов" Русе Регионална библиотека "Любен Каравелов" Русе Детски отдел 2008-05-07 Детски отдел 4.00 120000726167 ДН 61/Н 39 120000726167 1 2.05 Дост: DA Вид: А N: 10 Дата: 07.05.2008 Дата инв: 19.08.2015 Бележки инв: Д2015 Книги
Изтеглен Не е изгубен Universal Decimal Classification Не е повреден без рестрикции заемане за дома 4471 Регионална библиотека "Любен Каравелов" Русе Регионална библиотека "Любен Каравелов" Русе Детски отдел 1994-01-01 Детски отдел 1.78 603382 ДН 61/Н 39 603382 2 0.91 Дост: Pk Вид: Ф N: стар фонд Дата: 01.01.1994 Дата инв: 19.08.2015 Бележки инв: Д2015 Книги
Изтеглен Не е изгубен Universal Decimal Classification Не е повреден без рестрикции заемане за дома 4472 Регионална библиотека "Любен Каравелов" Русе Регионална библиотека "Любен Каравелов" Русе Детски отдел 1994-01-01 Детски отдел 1.78 603383 ДН 61/Н 39 603383 3 0.91 Дост: Pk Вид: Ф N: стар фонд Дата: 01.01.1994 Дата инв: 19.08.2015 Бележки инв: Д2015 Книги
  Не е изгубен Universal Decimal Classification Не е повреден само за читалня ползва се в читалня 4473 Регионална библиотека "Любен Каравелов" Русе Регионална библиотека "Любен Каравелов" Русе Хранилище 1994-01-01 Хранилище 1.78 604996 Цб ІІ 15229 120000604996 4 0.91 Дост: Dp Вид: Д N: 31 Дата: 01.01.1994 Книги
Vip Innovations Ltd, Rousse, Bulgaria 2025